10 pays les plus fumeurs - Statistiques

Statistiques générales
  • Ce quiz a été pris 576 fois
  • Le résultat moyen est 3 sur 10
Statistiques - réponses
Cigarettes par habitant (par an) Pays % Correct
2690 Russie
85%
2250 Chine
82%
2353 Belgique
42%
3831 Biélorussie
25%
2284 Luxembourg
23%
2637 Slovénie
20%
4125 Monténégro
18%
2233 Bosnie-Herzégovine
13%
2732 Macédoine
12%
3023 Liban
11%
Aucun quiz correspondant
Distribution des résultats
% des personnes avec chaque résultat
Percentile par nombre de réponses
Votre historique - résultats
Vous n’avez pas pris ce quiz